| 000 | 01277nam a2200229Ia 4500 | ||
|---|---|---|---|
| 003 | Ost | ||
| 005 | 20260507074948.0 | ||
| 008 | 260507s9999||||xx |||||||||||||| ||und|| | ||
| 020 | _a9960408922 | ||
| 040 | _cfsecg | ||
| 041 | _aara | ||
| 082 | _a658.3 | ||
| 100 |
_aلمينغ، دريل آر _eمؤلف |
||
| 245 | 0 |
_aإدارة شؤون الموظفين : _bدليل لرؤساء الأقسام والعمداء / _c دريل آر لمينغ |
|
| 260 |
_aالرياض: _bمكتبة العبيكات للنشر والتوزيع, _c2006 |
||
| 300 |
_a348 صفحة؛ _bإيضاحات ؛ _c25 سم |
||
| 504 | _aببليوغرافيا:ص.335-348 | ||
| 520 | _aأعرف نفسك،فهم الآخرين والتواصل معهم،دفع الهيئة التدريسية إلى التوافق،توظيف الإجتماعات لتحقيق التماسك،كسب المعارضين،التعامل مع هيئة تدريسية مرتبكة،استخدام التقويم أداة لتحسين أداء الهيئة التدريسية وكسب رضاها،لم جميع الخيوط وصولا إلى أن يصبح المرء مديرا وقائدا أفضل | ||
| 653 | _aادارة الافراد | ||
| 700 |
_aجتكر، فاضل _eمؤلف ثانوي |
||
| 942 | _cكتاب | ||
| 999 |
_c41974 _d41974 |
||